000 00397nam a2200121Ia 4500
008 220620s9999||||xx |||||||||||||| ||und||
245 0 _aDiscrete Wavelet Transforms
_bBiomedical Applications
546 _aEnglish[eng]
650 _aComputer modelling & simulation
700 _aOlkkonen, Hannu
856 _uhttps://mts.intechopen.com/storage/books/1352/authors_book/authors_book.pdf
942 _cEB
999 _c24392
_d24392